Most Populated City in Each County in Oregon - Statistics

General Stats
  • This quiz has been taken 21 times
  • The average score is 24 of 36
Answer Stats
County City Pop. City % Correct
Multnomah 641,162 Portland
100%
Lane 175,096 Eugene
95%
Marion 177,723 Salem
95%
Clatsop 10,343 Astoria
89%
Benton 59,864 Corvallis
89%
Jackson 86,367 Medford
89%
Deschutes 102,059 Bend
84%
Linn 56,828 Albany
79%
Coos 15,907 Coos Bay
79%
Josephine 39,364 Grants Pass
79%
Washington 106,633 Hillsboro
79%
Klamath 22,062 Klamath Falls
79%
Baker 10,170 Baker City
74%
Tillamook 5,265 Tillamook
74%
Umatilla 19,455 Hermiston
68%
Hood River 8,341 Hood River
68%
Lake 2,474 Lakeview
68%
Lincoln 10,496 Newport
68%
Malheur 11,626 Ontario
68%
Douglas 23,831 Roseburg
68%
Wasco 16,043 The Dalles
68%
Curry 6,837 Brookings
63%
Clackamas 40,411 Lake Oswego
63%
Yamhill 34,666 McMinnville
63%
Harney 2,757 Burns
58%
Union 13,158 La Grande
58%
Jefferson 7,683 Madras
58%
Polk 17,285 Dallas
53%
Wallowa 2,099 Enterprise
53%
Grant 1,680 John Day
53%
Crook 11,227 Prineville
53%
Columbia 14,095 St. Helens
47%
Wheeler 445 Fossil
42%
Gilliam 707 Condon
37%
Sherman 423 Wasco
37%
Morrow 3,921 Boardman
32%
No matching quizzes found
Score Distribution
Percent of People with Each Score
Percentile by Number Answered
Your Score History
You have not taken this quiz